| 000 | 00589nam a2200205 a 4500 | ||
|---|---|---|---|
| 005 | 20140310183428.0 | ||
| 008 | 071127s19uu xx 00 eng d | ||
| 020 | _a0395904080 | ||
| 050 |
_aLC 3981 _b.H939 1999 |
||
| 100 | _aHunt, Nancy | ||
| 245 |
_aExceptional children and youth : _ban introduction to special education. / |
||
| 250 | _a2nd ed. | ||
| 260 |
_aBoston : _bHoughton Mifflin Company, _c1999. |
||
| 300 |
_a510 p. : _bill. col. ; _c26 cm. |
||
| 521 | _aEDU | ||
| 650 | _aSpecial education. | ||
| 700 | _aMarshall, Kathleen | ||
| 942 |
_cBK _2lcc _kFOR |
||
| 999 |
_c22689 _d22689 |
||